Flora das cangas da Serra dos Carajás, Pará, Brasil: Cucurbitaceae (Registro n. 330954)
[ somente texto ]
| 000 -LÍDER | |
|---|---|
| fixed length control field | 01776nab a2200253 i 4500 |
| 003 - CÓDIGO MARC DA AGÊNCIA CATALOGADORA | |
| Campo de controle | BR-BrBNA |
| 005 - DATA E HORA DA ÚLTIMA ATUALIZAÇÃO | |
| Campo de controle | 20250410083744.0 |
| 008 - CAMPO DE TAMANHO FIXO | |
| fixed length control field | 250410b2016 bl.qr|pooa||| 00| 0 por | |
| 040 ## - FONTE DA CATALOGAÇÃO | |
| Agência catalogadora | BR-BrBNA |
| Idioma da catalogação | por |
| 072 ## - CATEGORIA AGRIS | |
| Código AGRIS | F70 |
| 100 ## - ENTRADA PRINCIPAL - NOME PESSOAL | |
| Nome pessoal | Gomes-Klein, Vera Lúcia |
| 100 ## - ENTRADA PRINCIPAL - NOME PESSOAL | |
| Nome pessoal | Hall, Climbiê Ferreira |
| 100 ## - ENTRADA PRINCIPAL - NOME PESSOAL | |
| Nome pessoal | Gil, André dos Santos Bragança |
| 245 ## - TÍTULO PRINCIPAL | |
| Título principal | Flora das cangas da Serra dos Carajás, Pará, Brasil: Cucurbitaceae |
| 500 ## - NOTA GERAL | |
| Nota geral | Publicação on-line; 11 ref.; 3 illus.; Summaries (En, Pt) |
| 942 ## - ADDED ENTRY ELEMENTS (KOHA) | |
| Koha item type | Analítica |
| 520 ## - NOTA DE RESUMO | |
| Nota de conteúdo | <br/><br/>Resumo<br/><br/>Foram encontradas seis espécies pertencentes a quatro gêneros de Cucurbitaceae nas formações de canga da Serra<br/>dos Carajás (Pará, Brasil): Cayaponia tayuya, Gurania bignoniacea, G. sinuata, G. subumbellata, Helmontia<br/>cardiophylla e Melothria pendula. São apresentadas descrições detalhadas, comentários e ilustrações das espécies.<br/><br/>Palavras-chave: FLONA Carajás, taxonomia, trepadeiras.<br/><br/><br/><br/><br/>Abstract<br/><br/>Six species belonging to four genera of Cucurbitaceae were found in the canga formations of the Serra dos<br/>Carajás (Pará state, Brazil): Cayaponia tayuya, Gurania bignoniacea, G. sinuata, G. subumbellata, Helmontia<br/>cardiophylla e Melothria pendula.Detailed descriptions, comments, and illustrations of the species are presented.<br/><br/>Key words: FLONA Carajás, taxonomy, climbers. |
| 650 ## - ASSUNTO - THESAGRO | |
| Cabeçalho tópico ou nome geográfico | CARAJÁS |
| 650 ## - ASSUNTO - THESAGRO | |
| Cabeçalho tópico ou nome geográfico | TAXONOMIA |
| 650 ## - ASSUNTO - THESAGRO | |
| Cabeçalho tópico ou nome geográfico | TREPADEIRA |
| 773 0# - ENTRADA ANALÍTICA | |
| Host Biblionumber | 709 |
| Registro do item | 349694 |
| Imprenta | Rio de Janeiro-RJ Jardim Botanico do Rio de Janeiro 1935 |
| Outro identificador | 2025-2214 |
| Título | Rodriguésia (Brazil) |
| ISSN | 0370-6583; 2175-7860 on-line |
| Colação | v. 67(5 special number) p. 1319-1327; (2016) |
| Número de controle de registro | BR2025000312 |
| 856 ## - ACESSO E ENDEREÇO ELETRÔNICO | |
| Identificador uniforme de recurso - URI | https://www.scielo.br/j/rod/a/bpw6JsK67NHh9B87N3JpzmD/?format=pdf&lang=pt |
Nenhum exemplar disponível.

BINAGRI